| 000 | 00675cam a2200229 i 4500 | ||
|---|---|---|---|
| 008 | |||
| 020 | _a0050027778(pbk.) | ||
| 049 | _aMAIN | ||
| 090 | _aS591 | ||
| 100 | 1 | _aFitzPatrick, Ewart Adsil. | |
| 245 | 1 | 3 |
_aAn introduction to soil science / _cby E. A. Fitzpatrick. |
| 260 |
_aEdinburgh : _bOliver & Boyd, _c1974. |
||
| 300 |
_a176 p., [2] leaves of plates : _bill. ; _c22 cm. |
||
| 500 | _aIncludes index. | ||
| 504 | _aIncludes bibliographical references. | ||
| 650 | 0 | _aSoil science. | |
| 907 |
_a.b10056245 _b12-10-05 _c17-04-03 |
||
| 003 | |||
| 005 | 20230123133231.0 | ||
| 040 | _cNUST | ||
| 942 |
_cBOOKS _kS591 |
||
| 999 |
_c145073 _d145073 |
||